000 00610nam a2200241Ia 4500
003 OSt
005 20220924153710.0
006 a|||||r|||| 00| 0
007 ta
008 220923b |||||||| |||| 00| 0 tam d
024 _a351373
037 _cTextual
040 _aARTS
_cARTS
_btam
041 _2tam
_atam
082 _aO31,1MIR,1, H6
100 _aRamiyar Au.
_9229573
245 0 _aThiramayilai thiri pan thathi
260 _c1946
650 _a TAMIL POETRY
650 _aTAMIL LITERATURE
942 _hO31,1MIR,1, H6
_cTEXL
_2CC
999 _c474569
_d474569